| 000 | 00470cam a2200193 4500 | ||
|---|---|---|---|
| 001 | D7962 | ||
| 008 | 090401t1985 xxu||||| |||| 00| 0 eng d | ||
| 035 | _a(Sirsi) u10345 | ||
| 041 | _aeng | ||
| 050 | _a692.8 | ||
| 100 | _aPowell-Smith, Vincent | ||
| 245 | _aDetermination and suspension of construction contracts | ||
| 260 |
_aLondon _bCollins _c1985 |
||
| 300 | _avi. 199p. 24cm | ||
| 350 | _a17.5 | ||
| 700 | _aSims, John | ||
| 942 | _n0 | ||
| 948 | _c04/03/1997 | ||
| 999 |
_c86730 _d86730 |
||